Attirance de la mort ... (Record no. 91140)
[ view plain ]
| 000 -LEADER | |
|---|---|
| fixed length control field | 00605cam a22002051 4500 |
| 001 - CONTROL NUMBER | |
| control field | tmp96010196 |
| 003 - CONTROL NUMBER IDENTIFIER | |
| control field | DLC |
| 005 - DATE AND TIME OF LATEST TRANSACTION | |
| control field | 20260227112754.0 |
| 008 - FIXED-LENGTH DATA ELEMENTS--GENERAL INFORMATION | |
| fixed length control field | 810403s1924 fr 000 1 fre |
| 010 ## - LIBRARY OF CONGRESS CONTROL NUMBER | |
| LC control number | tmp96010196 |
| 040 ## - CATALOGING SOURCE | |
| Original cataloging agency | DLC |
| Transcribing agency | CarP |
| Modifying agency | DLC |
| 050 00 - LIBRARY OF CONGRESS CALL NUMBER | |
| Classification number | PQ2611.A24 |
| Item number | A8 1924c |
| 100 1# - MAIN ENTRY--PERSONAL NAME | |
| Personal name | Fabre-Luce, Alfred, |
| Dates associated with a name | 1899-1983. |
| 245 10 - TITLE STATEMENT | |
| Title | Attirance de la mort ... |
| 260 ## - PUBLICATION, DISTRIBUTION, ETC. | |
| Place of publication, distribution, etc. | Paris, |
| Name of publisher, distributor, etc. | B. Grasset, |
| Date of publication, distribution, etc. | 1924. |
| 300 ## - PHYSICAL DESCRIPTION | |
| Extent | 3 p. l., [3]-329 p., 1 l. ; |
| Dimensions | 19 cm. |
| 440 #0 - SERIES STATEMENT/ADDED ENTRY--TITLE | |
| Title | Collection "Le roman" |
| 500 ## - GENERAL NOTE | |
| General note | On cover: "4e Edition." |
| 500 ## - GENERAL NOTE | |
| General note | Author's pseud., Jacques Sindral, at head of title. |
No items available.